000 00640nam a2200229Ia 4500
003 OSt
005 20221007063459.0
006 a|||||r|||| 00| 0
007 ta
008 221006b |||||||| |||| 00| 0 eng d
024 _a28,588
037 _cTextual
040 _aFLL
_cFLL
_beng
041 _2eng
_aeng
082 _aZ73:91, J3;1
100 _aPatterson Edwin W.
_9683083
245 0 _aJurisprudence men and ideas of the law
260 _aBrooklyn
_bThe Foundation Press, Inc. Brooklyn
_c1953
300 _axiii,649p
_ccm.
942 _hZ73:91, J3;1
_cTEXL
_2CC
999 _c1131349
_d1131349